000 00655nam a2200253Ia 4500
003 OSt
005 20221007075856.0
006 a|||||r|||| 00| 0
007 ta
008 221006b |||||||| |||| 00| 0 eng d
020 _a8120312643
024 _a5,590
037 _cTextual
040 _aFLL
_cFLL
_beng
041 _2eng
_aeng
082 _aZ1, N8
100 _aVerma S.K. Au.
_9588796
245 0 _aPublic international law
260 _aNew Delhi
_bPrentice hall of India India
_c1998
300 _axiii,474p
_ccm.
650 _aInternational law
942 _hZ1, N8
_cTEXL
_2CC
999 _c1157682
_d1157682